LEADER 01117cam0-2200361---450- 001 990009524830403321 005 20121218103103.0 010 $a978-88-430-5994-2 035 $a000952483 035 $aFED01000952483 035 $a(Aleph)000952483FED01 035 $a000952483 100 $a20120207d2011----km-y0itay50------ba 101 0 $aita 102 $aIT 105 $aa-------001yy 200 1 $a<>sorriso della mezzaluna$eumorismo, ironia e satira nella cultura araba$fPaolo Branca, Barbara De Poli, Patrizia Zanelli$gprefazione di Mario Scialoja 210 $aRoma$cCarocci$d2011 215 $a196 p.$cill.$d22 cm 225 1 $a<>sfere$v62 610 0 $aUmorismo$aPaesi arabi 676 $a306.0956$v22$zita 700 1$aBranca,$bPaolo$f<1957- >$0144960 701 1$aDe Poli,$bBarbara$0506656 701 1$aZanelli,$bPatrizia$0515199 702 1$aScialoja,$bMario 801 0$aIT$bUNINA$gREICAT$2UNIMARC 901 $aBK 912 $a990009524830403321 952 $aCollez. 1996 (62)$b48254$fFSPBC 959 $aFSPBC 996 $aSorriso della mezzaluna$9856015 997 $aUNINA LEADER 00922nam0-2200337---450- 001 990009393940403321 005 20110708095516.0 010 $a88-7179-533-4 035 $a000939394 035 $aFED01000939394 035 $a(Aleph)000939394FED01 035 $a000939394 100 $a20110708d2007----km-y0itay50------ba 101 0 $aita 102 $aIT 105 $aa-------001yd 200 1 $aCentochiodi$fun film di Ermanno Olmi$gfotografie di Olimpia Pallavicino 210 $aMilano$cMotta$d2007 215 $a93 p.$cill.$d25x30 cm. 610 0 $aCentochiodi 610 0 $aOlmi, Ermanno$aCinema 676 $a791.4372 702 1$aOlmi,$bErmanno$f<1931- > 702 1$aPallavicino,$bOlimpia 801 0$aIT$bUNINA$gRICA$2UNIMARC 901 $aBK 912 $a990009393940403321 952 $a791.437 OLM 1$b14248 DFM$fFLFBC 959 $aFLFBC 996 $aCentochiodi$9763873 997 $aUNINA